Speed Soccer Trivia - Statistics

General Stats
  • This quiz has been taken 129 times
  • The average score is 4 of 12
Answer Stats
Hint Answer % Correct
Won his 6th Balon d'Or in 2019 Lionel Messi
100%
According to fans, this soccer player's priorities go; Wales, Golf, Madrid Gareth Bale
76%
This club celebrated, in 2019, ten years since their historic Sextuple FC Barcelona
52%
Won the Women's Fifa World Cup in 2019 USA National Women's Soccer Team
52%
Highest rated goalkeeper in Fifa 2020 Jan Oblak
46%
What country hosted the 2010 World Cup? South Africa
23%
This south american team has 2 world class goalkeepers and decided to use tan ex-Roma keeper in their starting line up. Which country is it? Brazil
21%
In the 2009 Club World Cup Final, Messi scored the winning goal with this body part. Chest
15%
He has gotten to 3 Champions League Finals this decade and has won 1 of them. Jürgen Klopp
13%
According to fans, 70% of the earth is covered by water and the rest is covered by who? N'Golo Kante
11%
In which World Cup Final did Zidane headbutt an opponent. What year was it? 2006
8%
What does VAR stand for? Video Assistant Refere
4%
No matching quizzes found
Score Distribution
Percent of People with Each Score
Percentile by Number Answered
Your Score History
You have not taken this quiz